Stretnutie so začínajúcou autorkou Malá scéna uviedla hru Sto hodín do zatmenia od Jany Kákošovej

Bibliographic Details
Main Author: Mrlian, Rudolf, 1916-2010 (Author)
Format: Article
Language:Slovak
Subjects:

MARC

LEADER 00000nab a2200000 a 4500
001 vtls000317604
003 SK-MaSNL
005 20260303194134.0
008 111201c1978 xo 0 slo
015 |a SNBRB19rr/mm-uuuuu 
035 |a CL0007696 
040 |a SNKBUCL  |b slo  |c SNKBUCL  |e AACR2 
041 0 |a slo 
044 |a xo  |c SK 
080 |a 792.2  |2 1981 
100 1 |a Mrlian, Rudolf,  |d 1916-2010  |4 aut  |9 200791 
245 1 0 |a Stretnutie so začínajúcou autorkou  |b Malá scéna uviedla hru Sto hodín do zatmenia od Jany Kákošovej  |c Rudolf Mrlian 
600 1 7 |a Kákošová, Jana,  |d 1953-  |t Sto hodín do zatmenia  |2 snkbucl  |9 1225970 
610 2 7 |a Slovenské národné divadlo.  |b Činohra  |2 snkbucl  |9 32459 
650 0 7 |a divadelné inscenácie  |2 snkbucl  |9 3326 
655 7 |a články z novín a časopisov  |2 snkbucl  |9 267496 
773 0 |t Pravda  |g Roč. 59, č. 80 (5. 4. 1978), s. 5 
850 |a Slovenská národná knižnica v Martine  |a MTA001 
852 |a SNK  |b KIS3GCP 
958 |a RK 
992 |a RBX 
999 |c 2155992  |d 2157922